Eastern Utah Libraries Catalog: Duchesne, Heber, Roosevelt, & Vernal

Icons Unearthed: Marvel (Record no. 403271)

MARC details
000 -LEADER
fixed length control field 01915ngm a22003012a 4500
005 - DATE AND TIME OF LATEST TRANSACTION
control field 20250312141516.0
007 - PHYSICAL DESCRIPTION FIXED FIELD--GENERAL INFORMATION
fixed length control field vd cvaizk
008 - FIXED-LENGTH DATA ELEMENTS--GENERAL INFORMATION
fixed length control field 241217s2024 352 ## v eng d
024 ## - OTHER STANDARD IDENTIFIER
Standard number or code 683904636423
Qualifying information (videorecording)
040 ## - CATALOGING SOURCE
Original cataloging agency CTMMSN
Language of cataloging eng
Description conventions rda
Transcribing agency CTMMSN
092 ## - LOCALLY ASSIGNED DEWEY CALL NUMBER (OCLC)
Classification number movie nonfiction
Item number 791.45 Icons
245 00 - TITLE STATEMENT
Title Icons Unearthed: Marvel
Medium [videorecording].
264 ## - Production, Publication, Distribution, Manufacture, and Copyright Notice.
Place of production, publication, distribution, manufacture [Place of publication not identified?]:
Name of producer, publisher, distributor, manufacturer Mill Creek,
Date of production, publication, distribution, manufacture, or copyr 2025
264 ## - Production, Publication, Distribution, Manufacture, and Copyright Notice.
Place of production, publication, distribution, manufacture Old Saybrook, Connecticut :
Name of producer, publisher, distributor, manufacturer www.micromarketing.org
300 ## - PHYSICAL DESCRIPTION
Extent [3 videodisc (approximately 352 minutes)?] :
Other physical details sound, color;
Dimensions 4 3/4 in.
336 ## - Content Type
Content type term two-dimensional moving image
337 ## - Media type
Media type term video
338 ## - Carrier type
Carrier type term videodisc
500 ## - GENERAL NOTE
General note [Typographic symbols and accents removed for systems compatibility.]
500 ## - GENERAL NOTE
General note Widescreen edition.
520 ## - SUMMARY, ETC.
Summary, etc The Marvel Cinematic Universe is the most successful franchise of all time and it has changed the way movies are made. Taking a cue from their comic book source material, these films tell different characters' stories that all take place in one massive, interwoven universe. Each film would introduce one key protagonist, building toward the release of one giant blockbuster, The Avengers, that would put them all together. If a single one of those films failed at the box office, it could derail what may be the biggest gamble ever taken in the history of cinema. How did Marvel pull it off? Director: Brian Volk-Weiss. Starring: Lou Ferrigno, Clark Gregg, J. Michael Straczynski, Todd MacFarlane, Mark Millar, Zack Stentz. Mill Creek; 683904636423; 3 Disc(s); 352 min; DOCUMENTARY, Marvel, Superhero; NR; 01/14/25
521 ## - TARGET AUDIENCE NOTE
Target audience note Rating: NR.
538 ## - SYSTEM DETAILS NOTE
System details note DVD, color, widescreen, NTSC.
650 #7 - SUBJECT ADDED ENTRY--TOPICAL TERM
Topical term or geographic name as entry element Documentaries
Source of heading or term bisacsh
9 (RLIN) 5803517
655 ## - INDEX TERM--GENRE/FORM
Genre/form data or focus term Video recordings.
Source of term lcgft
710 ## - ADDED ENTRY--CORPORATE NAME
Corporate name or jurisdiction name as entry element Mill Creek
9 (RLIN) 6536730
942 ## - ADDED ENTRY ELEMENTS (KOHA)
Source of classification or shelving scheme Dewey Decimal Classification
Koha item type Blu-ray
Holdings
Withdrawn status Lost status Source of classification or shelving scheme Materials specified (bound volume or other part) Damaged status Not for loan Collection code Home library Current library Shelving location Date acquired Source of acquisition Total Checkouts Total Renewals Full call number Barcode Date last seen Date checked out Uniform Resource Identifier Price effective from Koha item type
    Dewey Decimal Classification 3 discs     Movies Wasatch County Library Wasatch County Library Audio Visual Area 03/12/2025 Micromarketing 1 2 Movie 791.45 Icons 34301002148999 04/14/2025 04/01/2025 26.21 03/12/2025 Blu-ray
This project was made possible through a grant from the Institute of Museum and Library Service administered by the Utah State Library Division.

Wasatch County Library

  • 465 East 1200 South, Heber City, Utah 84032
  • Phone 435-654-1511 | Fax 435-654-6456

Hours

  • Monday - Friday 9:30 AM - 8:00 PM
  • Saturday 9:30 AM - 1:30 PM
  • Closed Sundays and Holidays